[Event "NAYCC U14"]
[Site "Windsor CAN"]
[Date "2016.08.09"]
[Round "4.59"]
[White "Titus, Andrew"]
[Black "Pulfer, Luke"]
[Result "1-0"]
[WhiteElo "2143"]
[BlackElo "1868"]
[PlyCount "93"]
[EventDate "2016.08.07"]
[EventType "swiss"]
[EventRounds "9"]
[EventCountry "CAN"]

1. e4 e5 2. Nf3 Nc6 3. Bb5 a6 4. Ba4 Nf6 5. d3 b5 6. Bb3 Be7 7. O-O O-O 8. Re1
Bb7 9. Nbd2 d6 10. c3 Na5 11. Bc2 c5 12. Nf1 Re8 13. Ng3 Bf8 14. d4 cxd4 15.
cxd4 d5 16. Bg5 Nc6 17. exd5 Nxd4 18. Nxd4 exd4 19. Rxe8 Qxe8 20. Bxf6 gxf6 21.
Qg4+ Bg7 22. Nh5 Qf8 23. Nxf6+ Kh8 24. Qf5 Qg8 25. Nxg8 Kxg8 26. Qxh7+ Kf8 27.
Bb3 Re8 28. Qf5 Bxd5 29. Bxd5 Re7 30. Qc8+ Re8 31. Qxe8+ Kxe8 32. Bb7 Kd7 33.
Bxa6 Kc6 34. a4 b4 35. b3 f5 36. Bd3 Kb6 37. a5+ Ka7 38. a6 f4 39. Re1 Be5 40.
Rxe5 f3 41. Rb5 fxg2 42. h4 Ka8 43. h5 Ka7 44. h6 Kxa6 45. h7 Ka7 46. h8=Q Ka6
47. Qa8# 1-0

[Event "NAYCC U14"]
[Site "Windsor CAN"]
[Date "2016.08.09"]
[Round "4.60"]
[White "Doknjas, Joshua"]
[Black "Nakada, Akira"]
[Result "1-0"]
[WhiteElo "2137"]
[BlackElo "1904"]
[PlyCount "51"]
[EventDate "2016.08.07"]
[EventType "swiss"]
[EventRounds "9"]
[EventCountry "CAN"]

1. e4 e6 2. d4 d5 3. Nc3 Nf6 4. Bg5 Be7 5. e5 Nfd7 6. Bxe7 Qxe7 7. f4 O-O 8.
Nf3 c5 9. Bd3 Nc6 10. Bxh7+ Kxh7 11. Ng5+ Kg6 12. O-O f5 13. Rf3 Nf6 14. exf6
Qxf6 15. Nb5 Qd8 16. Rg3 Kf6 17. Nh7+ Ke7 18. Rxg7+ Rf7 19. Rxf7+ Kxf7 20. Qh5+
Kg7 21. Rf1 Ne7 22. Rf3 Ng6 23. Rg3 Qe8 24. Nd6 Bd7 25. Nxe8+ Bxe8 26. Ng5 1-0

[Event "NAYCC U14"]
[Site "Windsor CAN"]
[Date "2016.08.09"]
[Round "4.62"]
[White "Hua, Eugene"]
[Black "Liu, Kevin"]
[Result "1/2-1/2"]
[WhiteElo "2140"]
[BlackElo "1802"]
[PlyCount "84"]
[EventDate "2016.08.07"]
[EventType "swiss"]
[EventRounds "9"]
[EventCountry "CAN"]

1. e4 c5 2. Nf3 e6 3. d4 cxd4 4. Nxd4 a6 5. c4 Nc6 6. Nc3 Qc7 7. a3 Nf6 8. Be3
Be7 9. Be2 O-O 10. Rc1 Nxd4 11. Bxd4 d6 12. O-O Qd7 13. b4 Ne8 14. Qd2 e5 15.
Be3 f5 16. f4 fxe4 17. fxe5 Rxf1+ 18. Rxf1 dxe5 19. Nd5 Nf6 20. Nxe7+ Qxe7 21.
Bc5 Qd7 22. Qg5 Qe6 23. h4 h6 24. Qg3 Bd7 25. Rd1 Re8 26. Be3 Kh8 27. h5 Qf5
28. Qh4 Qe6 29. Rf1 Rf8 30. g4 Nh7 31. Rxf8+ Nxf8 32. g5 hxg5 33. Qxg5 Qf5 34.
Qh4 Kh7 35. Bd1 Bc6 36. Bg4 Qf6 37. Qh3 Qd6 38. Bf5+ Kh8 39. h6 Qd1+ 40. Kf2
Qf3+ 41. Qxf3 exf3 42. Bc5 Nd7 1/2-1/2

[Event "NAYCC U14"]
[Site "Windsor CAN"]
[Date "2016.08.09"]
[Round "4.63"]
[White "Gaisinsky, Adam"]
[Black "Chin, Jonathan"]
[Result "1/2-1/2"]
[WhiteElo "1721"]
[BlackElo "1985"]
[PlyCount "59"]
[EventDate "2016.08.07"]
[EventType "swiss"]
[EventRounds "9"]
[EventCountry "CAN"]

1. e4 c5 2. Nf3 Nc6 3. Nc3 g6 4. d4 cxd4 5. Nxd4 Bg7 6. Be3 Nf6 7. Nb3 d6 8.
Be2 O-O 9. O-O Bd7 10. f4 Rc8 11. Bf3 Re8 12. Qd2 Bg4 13. h3 Bxf3 14. Rxf3 Rb8
15. a4 b6 16. Rd1 Qc8 17. Nd4 Na5 18. Qe2 Nc4 19. Bc1 Qc5 20. Kh1 Nd7 21. Nb3
Qc8 22. Nd2 Nxd2 23. Bxd2 Qc6 24. Be1 Nc5 25. e5 Nxa4 26. Nxa4 Qxa4 27. b3 Qc6
28. exd6 exd6 29. Qd2 Rbc8 30. c4 1/2-1/2

[Event "NAYCC U14"]
[Site "Windsor CAN"]
[Date "2016.08.09"]
[Round "4.64"]
[White "Pan, David"]
[Black "Zhang, Zhehai"]
[Result "1/2-1/2"]
[WhiteElo "1854"]
[BlackElo "1678"]
[PlyCount "76"]
[EventDate "2016.08.07"]
[EventType "swiss"]
[EventRounds "9"]
[EventCountry "CAN"]

1. e4 c5 2. Nf3 e6 3. d4 cxd4 4. Nxd4 Nc6 5. Nc3 Qc7 6. g3 a6 7. Bg2 Nf6 8. O-O
Be7 9. Re1 d6 10. Nxc6 bxc6 11. Bf4 e5 12. Be3 O-O 13. h3 Rb8 14. b3 Rd8 15.
Kh2 Bb7 16. Na4 Ba8 17. Qe2 a5 18. c4 d5 19. cxd5 Bb4 20. Rec1 Qd6 21. dxc6
Bxc6 22. Nb2 Bxe4 23. Bxe4 Nxe4 24. Ba7 Ra8 25. Qxe4 Rxa7 26. Rd1 Qf6 27. Rxd8+
Qxd8 28. Rd1 Qf6 29. Kg2 g6 30. Rd5 Bc3 31. Nc4 a4 32. Nxe5 Re7 33. f4 axb3 34.
axb3 Qa6 35. Qd3 Qa2+ 36. Kf3 Qxb3 37. Nc6 Rb7 38. Ne5 Bxe5 1/2-1/2

[Event "NAYCC U14"]
[Site "Windsor CAN"]
[Date "2016.08.09"]
[Round "4.65"]
[White "Hawthorn, Charles"]
[Black "Surya, Benito"]
[Result "1-0"]
[WhiteElo "1666"]
[BlackElo "1814"]
[PlyCount "79"]
[EventDate "2016.08.07"]
[EventType "swiss"]
[EventRounds "9"]
[EventCountry "CAN"]

1. d4 d5 2. c4 e6 3. Nc3 c5 4. cxd5 cxd4 5. Qxd4 Nc6 6. Qd1 exd5 7. Qxd5 Bd7 8.
Bf4 Nf6 9. Qd2 Bc5 10. Bd6 Qa5 11. e3 O-O-O 12. Bxc5 Qxc5 13. Qc1 g5 14. Nf3 g4
15. Nd2 Kb8 16. Be2 h5 17. a3 h4 18. b4 Qg5 19. Nc4 g3 20. f4 Qg6 21. h3 a6 22.
Nb6 Rhe8 23. Nd1 Ne4 24. Bf3 Bf5 25. Na4 Rxd1+ 26. Bxd1 Nf2 27. O-O Be4 28. Nc3
Bxg2 29. Kxg2 Qf5 30. Rxf2 gxf2 31. Bg4 Qd3 32. Kxf2 Nd4 33. Be2 Qf5 34. Bg4
Qd3 35. Ra2 Nb3 36. Qe1 f5 37. Bf3 Rg8 38. Rb2 Qd6 39. Rxb3 Qg6 40. Ne2 1-0

[Event "NAYCC U14"]
[Site "Windsor CAN"]
[Date "2016.08.09"]
[Round "4.66"]
[White "Wang, Ricky"]
[Black "Liu, Daniel"]
[Result "1-0"]
[WhiteElo "1807"]
[BlackElo "1609"]
[PlyCount "49"]
[EventDate "2016.08.07"]
[EventType "swiss"]
[EventRounds "9"]
[EventCountry "CAN"]

1. e4 c5 2. Nf3 d6 3. d4 cxd4 4. Nxd4 Nf6 5. Nc3 a6 6. f3 e6 7. Be3 Qc7 8. Qd2
Nc6 9. O-O-O b5 10. Nxc6 Qxc6 11. Bf4 b4 12. Ne2 d5 13. Kb1 Bb7 14. Nd4 Qb6 15.
e5 Nd7 16. Nb3 Bc6 17. Be3 Qc7 18. f4 a5 19. Nd4 a4 20. c4 Ra5 21. Rc1 Qb7 22.
Nxc6 Qxc6 23. cxd5 Qxd5 24. Rc8+ Ke7 25. Qxb4+ 1-0

[Event "NAYCC U14"]
[Site "Windsor CAN"]
[Date "2016.08.09"]
[Round "4.67"]
[White "Ling, Evan"]
[Black "Uthayakumar, Ronan"]
[Result "1-0"]
[WhiteElo "1776"]
[BlackElo "1541"]
[PlyCount "69"]
[EventDate "2016.08.07"]
[EventType "swiss"]
[EventRounds "9"]
[EventCountry "CAN"]

1. e4 c5 2. Nf3 Nc6 3. d4 cxd4 4. Nxd4 g6 5. c4 Nf6 6. Nc3 Bg7 7. Nc2 d6 8. Be2
O-O 9. O-O Bd7 10. Be3 Rc8 11. Rc1 b6 12. f4 Na5 13. Na3 Be6 14. b3 Nc6 15. Qd2
Bg4 16. Bd3 Bd7 17. Nd5 Nxd5 18. cxd5 Nb8 19. Nc4 b5 20. Na5 f5 21. Rfe1 fxe4
22. Bxe4 Qe8 23. Bf3 Rf6 24. Bd4 Rf7 25. Bxg7 Kxg7 26. b4 Rf6 27. Qd4 Kf8 28.
h4 Qf7 29. Rxc8+ Bxc8 30. Qxa7 Nd7 31. Qc7 Qe8 32. Rc1 Nb6 33. Qxb6 Rxf4 34.
Qf2 Bg4 35. Qg3 1-0

[Event "NAYCC U14"]
[Site "Windsor CAN"]
[Date "2016.08.09"]
[Round "4.68"]
[White "Le, Collin"]
[Black "Yie, Kevin"]
[Result "1/2-1/2"]
[WhiteElo "1540"]
[BlackElo "1760"]
[PlyCount "53"]
[EventDate "2016.08.07"]
[EventType "swiss"]
[EventRounds "9"]
[EventCountry "CAN"]

1. e4 c5 2. Nf3 e6 3. d4 cxd4 4. Nxd4 a6 5. Nc3 Qc7 6. Be2 Bb4 7. Bd2 Nf6 8.
Bf3 O-O 9. O-O Be7 10. Bg5 d6 11. Qe2 Nbd7 12. Rfd1 Ne5 13. a4 b6 14. a5 b5 15.
Bxf6 Bxf6 16. Ndxb5 axb5 17. Nxb5 Qb8 18. Rxd6 Ba6 19. Rb6 Qxb6 20. axb6 Bxb5
21. Qd1 Nxf3+ 22. gxf3 Rab8 23. Qd6 Rfd8 24. Qc5 Be2 25. Qe3 Bb5 26. Qc5 Be2
27. Qe3 1/2-1/2

[Event "NAYCC U14"]
[Site "Windsor CAN"]
[Date "2016.08.09"]
[Round "4.69"]
[White "Yaskolko, Maxim"]
[Black "Rama, Vikas"]
[Result "1-0"]
[WhiteElo "2014"]
[BlackElo "1627"]
[PlyCount "103"]
[EventDate "2016.08.07"]
[EventType "swiss"]
[EventRounds "9"]
[EventCountry "CAN"]

1. e4 c5 2. Nf3 Nc6 3. d4 cxd4 4. Nxd4 g6 5. c4 Bg7 6. Be3 Nf6 7. Nc3 O-O 8.
Be2 d6 9. O-O a6 10. f3 Bd7 11. Qd2 Nxd4 12. Bxd4 Bc6 13. Rac1 Rc8 14. Rfe1 Qa5
15. Rcd1 Kh8 16. Bf1 Rfe8 17. Nd5 Qxd2 18. Rxd2 Bxd5 19. exd5 Nd7 20. Bxg7+
Kxg7 21. b4 Nb6 22. Rc1 Nd7 23. Rdc2 Rc7 24. f4 Rec8 25. Bd3 a5 26. a3 axb4 27.
axb4 Ra8 28. Kf2 Ra3 29. Rc3 Rxc3 30. Rxc3 Nb6 31. Rc2 Nd7 32. Ke3 Kf6 33. g4
h6 34. h4 Rc8 35. g5+ hxg5 36. hxg5+ Kg7 37. Ra2 Nb6 38. Kd4 e5+ 39. fxe5 dxe5+
40. Kxe5 Nxc4+ 41. Bxc4 Rxc4 42. d6 Rxb4 43. d7 Rb5+ 44. Kd6 Rb6+ 45. Kd5 Rb1
46. Rd2 Rb5+ 47. Kc4 Rxg5 48. d8=Q Rg4+ 49. Kc3 f5 50. Qe7+ Kh6 51. Rh2+ Rh4
52. Rxh4# 1-0

[Event "NAYCC U14"]
[Site "Windsor CAN"]
[Date "2016.08.09"]
[Round "4.70"]
[White "Mathews, Joshua"]
[Black "Chen, Jacob"]
[Result "0-1"]
[WhiteElo "1446"]
[BlackElo "2011"]
[PlyCount "74"]
[EventDate "2016.08.07"]
[EventType "swiss"]
[EventRounds "9"]
[EventCountry "CAN"]

1. e4 e5 2. Nf3 Nc6 3. Bb5 Nf6 4. O-O Bc5 5. Nc3 O-O 6. d3 d6 7. Bxc6 bxc6 8.
Bg5 Rb8 9. Na4 Bb6 10. d4 exd4 11. Nxd4 Bd7 12. Nxb6 Rxb6 13. b3 h6 14. Bxf6
Qxf6 15. c4 a5 16. Re1 Re8 17. f3 Qe5 18. Nf5 Bxf5 19. exf5 Qc5+ 20. Kh1 Rxe1+
21. Qxe1 Qxf5 22. Qe8+ Kh7 23. Qe4 Qxe4 24. fxe4 Kg6 25. Rf1 f6 26. g4 a4 27.
Rf3 axb3 28. axb3 Kf7 29. Rd3 Ke6 30. Kg2 Ra6 31. h3 Ra1 32. Rd2 Ke5 33. Re2
Rb1 34. Re3 Kd4 35. Kf3 Rf1+ 36. Ke2 Re1+ 37. Kxe1 Kxe3 0-1

[Event "NAYCC U14"]
[Site "Windsor CAN"]
[Date "2016.08.09"]
[Round "4.71"]
[White "Harichandrabose, Vicknan"]
[Black "Bu, Kevin"]
[Result "0-1"]
[WhiteElo "1210"]
[BlackElo "1948"]
[PlyCount "96"]
[EventDate "2016.08.07"]
[EventType "swiss"]
[EventRounds "9"]
[EventCountry "CAN"]

1. e4 Nf6 2. Nc3 e5 3. d3 Bb4 4. Bd2 d6 5. Nf3 Bg4 6. Be2 h6 7. h3 Bh5 8. O-O
O-O 9. a3 Ba5 10. Re1 c6 11. Nh4 Bxe2 12. Qxe2 Kh7 13. Nf5 Ng8 14. Qg4 g6 15.
Nh4 Nd7 16. g3 Ndf6 17. Qe2 Nh5 18. Kh2 Qd7 19. g4 Ng7 20. Rg1 Rae8 21. Rg3 d5
22. b4 Bc7 23. Rag1 Ne6 24. Nf3 Nd4 25. Qd1 Ne6 26. g5 h5 27. Nh4 Bb6 28. R1g2
Nf4 29. Bxf4 exf4 30. Rf3 dxe4 31. Nxe4 Rxe4 32. Rg1 Ree8 33. Kh1 Bc7 34. Ng2
Ne7 35. Kh2 Nf5 36. Qd2 Nd4 37. Qd1 Nxf3+ 38. Qxf3 Qd5 39. Qxd5 cxd5 40. f3 Re2
41. Kh1 Rfe8 42. c4 dxc4 43. dxc4 Ra2 44. Rd1 Ree2 45. Rd7 Rxg2 46. Rxf7+ Kg8
47. Rxc7 Rgb2 48. Rc8+ Kf7 0-1

[Event "NAYCC U14"]
[Site "Windsor CAN"]
[Date "2016.08.09"]
[Round "4.72"]
[White "Feng, Richard"]
[Black "Singireddy, Sathvik"]
[Result "0-1"]
[WhiteElo "1679"]
[BlackElo "1530"]
[PlyCount "52"]
[EventDate "2016.08.07"]
[EventType "swiss"]
[EventRounds "9"]
[EventCountry "CAN"]

1. e4 c5 2. Nf3 g6 3. d4 cxd4 4. Nxd4 Nc6 5. Nc3 Nf6 6. Bc4 d6 7. Nxc6 bxc6 8.
e5 Ng4 9. e6 f5 10. Qd4 Nf6 11. O-O Bg7 12. Re1 O-O 13. Qd3 Bb7 14. Bf4 d5 15.
Ba6 Bxa6 16. Qxa6 Qb6 17. Qxb6 axb6 18. Be5 Ne4 19. Bxg7 Kxg7 20. f3 Nxc3 21.
bxc3 Ra3 22. Re3 Rfa8 23. Rb1 b5 24. f4 Rxa2 25. Rb3 Rxc2 26. h3 Raa2 0-1

[Event "NAYCC U14"]
[Site "Windsor CAN"]
[Date "2016.08.09"]
[Round "4.73"]
[White "Liang, Hairan"]
[Black "Wilson, Kameron"]
[Result "1-0"]
[WhiteElo "2002"]
[BlackElo "1439"]
[PlyCount "73"]
[EventDate "2016.08.07"]
[EventType "swiss"]
[EventRounds "9"]
[EventCountry "CAN"]

1. e4 e6 2. d4 d5 3. Nd2 c5 4. exd5 exd5 5. Ngf3 Nc6 6. Bb5 a6 7. Bxc6+ bxc6 8.
O-O Be7 9. Re1 Bg4 10. h3 Bh5 11. dxc5 Nf6 12. Qe2 Ra7 13. Nb3 O-O 14. Nbd4 Qc7
15. g4 Bxg4 16. hxg4 Nxg4 17. Ne5 Nxe5 18. Bf4 Qd7 19. Bxe5 Bxc5 20. Nb3 Bd6
21. Qf3 Bxe5 22. Rxe5 f6 23. Re2 Qf7 24. Rae1 Rb7 25. c3 f5 26. Nc5 Ra7 27. Ne6
Rc8 28. Nc5 Kh8 29. Re5 Qg6+ 30. Kf1 Rf7 31. Nd3 Rf6 32. Nf4 Qf7 33. Re7 Qg8
34. Qe3 Rff8 35. Kg2 g6 36. Qe5+ Qg7 37. Qxg7# 1-0

[Event "NAYCC U14"]
[Site "Windsor CAN"]
[Date "2016.08.09"]
[Round "4.74"]
[White "Baker, Vincent"]
[Black "Hou, Frank"]
[Result "1-0"]
[WhiteElo "1994"]
[BlackElo "1295"]
[PlyCount "57"]
[EventDate "2016.08.07"]
[EventType "swiss"]
[EventRounds "9"]
[EventCountry "CAN"]

1. e4 c5 2. Nf3 Nc6 3. d4 cxd4 4. Nxd4 g6 5. Nc3 Bg7 6. Be3 d6 7. Qd2 Nf6 8. f3
O-O 9. O-O-O Qc7 10. g4 Ne5 11. h4 e6 12. Ndb5 Qd8 13. Nxd6 Nxf3 14. Qg2 Ne5
15. Nxf7 Qc7 16. Nxe5 Qxe5 17. Bc4 b6 18. Rhf1 Bb7 19. Bd4 Bxe4 20. Qe2 Qc7 21.
Bxe6+ Kh8 22. Nxe4 Nxe4 23. Qxe4 Rfe8 24. Rde1 Qd6 25. Bxg7+ Kxg7 26. Rf7+ Kh8
27. Qb7 Rxe6 28. Rxh7+ Kg8 29. Qg7# 1-0

[Event "NAYCC U14"]
[Site "Windsor CAN"]
[Date "2016.08.09"]
[Round "4.75"]
[White "Dill, James"]
[Black "Jeyakumar, Yathushan"]
[Result "1-0"]
[WhiteElo "1870"]
[BlackElo "1216"]
[PlyCount "143"]
[EventDate "2016.08.07"]
[EventType "swiss"]
[EventRounds "9"]
[EventCountry "CAN"]

1. e4 c5 2. c3 d5 3. exd5 Qxd5 4. d4 cxd4 5. cxd4 Nc6 6. Nf3 Bg4 7. Be2 Nf6 8.
Nc3 Qd8 9. Be3 e6 10. O-O Be7 11. h3 Bh5 12. Rc1 O-O 13. Qd2 Rc8 14. Rfd1 Bg6
15. Ne5 Nxe5 16. dxe5 Qxd2 17. Bxd2 Ne4 18. Nxe4 Bxe4 19. Be3 Bd5 20. a3 a6 21.
Bf3 Bxf3 22. gxf3 b5 23. Rxc8 Rxc8 24. Rd7 Bf8 25. Ra7 g6 26. Rxa6 Rc2 27. b4
Ra2 28. Ra5 Kg7 29. Bg5 h6 30. Bf6+ Kh7 31. Rxb5 Rxa3 32. Rb7 Rxf3 33. Kg2 Rf4
34. b5 g5 35. Rxf7+ Kg8 36. Rb7 Bc5 37. b6 Rxf2+ 38. Kg3 Rb2 39. Bd8 Kf8 40.
Bc7 Ke8 41. Rb8+ Kd7 42. Rd8+ Kc6 43. Re8 Kd7 44. Rd8+ Kc6 45. Kg4 Rb4+ 46. Kg3
h5 47. Rg8 h4+ 48. Kg2 Rf4 49. Rxg5 Rf2+ 50. Kh1 Rf3 51. Kh2 Rf2+ 52. Rg2 Rxg2+
53. Kxg2 Bxb6 54. Bxb6 Kxb6 55. Kf3 Kc5 56. Kg4 Kd5 57. Kxh4 Kxe5 58. Kg5 Kd4
59. h4 e5 60. h5 e4 61. h6 e3 62. h7 e2 63. h8=Q+ Kd3 64. Qd8+ Kc2 65. Qc7+ Kd1
66. Qd6+ Ke1 67. Kg4 Kf2 68. Qf4+ Ke1 69. Kf3 Kf1 70. Qc4 Kg1 71. Qxe2 Kh1 72.
Qg2# 1-0

[Event "NAYCC U14"]
[Site "Windsor CAN"]
[Date "2016.08.09"]
[Round "4.77"]
[White "Sivapathasundaram, Manojh"]
[Black "Zaid, Shahmeer"]
[Result "1-0"]
[WhiteElo "1552"]
[BlackElo "820"]
[PlyCount "67"]
[EventDate "2016.08.07"]
[EventType "swiss"]
[EventRounds "9"]
[EventCountry "CAN"]

1. d4 d5 2. c4 c6 3. Nc3 Nf6 4. Nf3 g6 5. e3 Bg7 6. Bd3 O-O 7. O-O Re8 8. Re1
e6 9. e4 dxc4 10. Bxc4 Nbd7 11. Bg5 b5 12. Bd3 h6 13. Bh4 Qb6 14. e5 Nd5 15.
Nxd5 cxd5 16. Qb3 Rb8 17. Rad1 Ba6 18. h3 Rec8 19. Rc1 h5 20. Be7 Bh6 21. Rc2
Rxc2 22. Qxc2 Bf8 23. Bxf8 Kxf8 24. Qd2 Kg7 25. Rc1 Kh7 26. Qg5 Qd8 27. Qxh5+
Kg7 28. Qg5 Qxg5 29. Nxg5 f6 30. Nxe6+ Kf7 31. exf6 Nxf6 32. Ng5+ Kg7 33. Rc7+
Kh6 34. Nf7+ 1-0

[Event "NAYCC U14"]
[Site "Windsor CAN"]
[Date "2016.08.09"]
[Round "4.79"]
[White "Butchart, Brian"]
[Black "Guan, Zi Yu"]
[Result "0-1"]
[WhiteElo "1177"]
[BlackElo "1513"]
[PlyCount "76"]
[EventDate "2016.08.07"]
[EventType "swiss"]
[EventRounds "9"]
[EventCountry "CAN"]

1. e4 c5 2. Nc3 d6 3. g3 Nf6 4. Bg2 e5 5. d3 h6 6. h3 Nc6 7. Nge2 Be6 8. Be3 d5
9. exd5 Nxd5 10. Qd2 Nd4 11. g4 Be7 12. Ne4 Bh4 13. Bxd4 cxd4 14. N2g3 Rc8 15.
Nh5 O-O 16. Rg1 Ne3 17. Rc1 f5 18. gxf5 Bxf5 19. Nhg3 Nxg2+ 20. Rxg2 Bxh3 21.
Rg1 Rf4 22. Nh5 Rg4 23. Rxg4 Bxg4 24. Nhg3 Qf8 25. c3 dxc3 26. Rxc3 Bxg3 27.
Nxg3 Rxc3 28. Qxc3 Qf3 29. Qd2 h5 30. Qe2 Qxe2+ 31. Nxe2 Bxe2 32. Kxe2 g5 33.
f3 Kf7 34. Kf2 Kf6 35. Kg2 Kf5 36. Kg3 h4+ 37. Kh3 Kf4 38. Kg2 Ke3 0-1

[Event "NAYCC U14"]
[Site "Windsor CAN"]
[Date "2016.08.09"]
[Round "4.80"]
[White "Eirew, Milo"]
[Black "Li, Eric M"]
[Result "1/2-1/2"]
[WhiteElo "819"]
[BlackElo "1658"]
[PlyCount "113"]
[EventDate "2016.08.07"]
[EventType "swiss"]
[EventRounds "9"]
[EventCountry "CAN"]

1. e4 c5 2. d4 cxd4 3. Qxd4 Nc6 4. Qd1 e6 5. Nc3 Nf6 6. Nf3 Bb4 7. Bd3 O-O 8.
Bd2 d5 9. e5 Nd7 10. Qe2 Be7 11. O-O-O Qc7 12. Rde1 Nc5 13. Ng5 Nxd3+ 14. Qxd3
Bxg5 15. Bxg5 Nxe5 16. Qg3 f6 17. Bf4 a6 18. Rhf1 b5 19. Bxe5 fxe5 20. Qxe5 Qc5
21. Rd1 Bd7 22. Ne2 Rac8 23. Nd4 Rf5 24. Qe2 Rf7 25. Rd2 Re7 26. Re1 Rce8 27.
Qd3 a5 28. Nf3 Qc4 29. Rde2 Qxd3 30. cxd3 Rc8+ 31. Kd2 Rce8 32. Ne5 Bc8 33. Nc6
Rc7 34. Nxa5 Ra7 35. b4 Ra6 36. f4 g6 37. Ke3 Kf7 38. Kd4 Kf6 39. g4 h5 40. h3
hxg4 41. hxg4 Rh8 42. Kc5 Bd7 43. Nb7 Rc6+ 44. Kd4 Rh4 45. Rg2 g5 46. Rf1 Bc8
47. Nc5 gxf4 48. Rxf4+ Kg5 49. Ke5 Rh1 50. Rf8 Re1+ 51. Kd4 Rb1 52. Ke5 Rxb4
53. Rg8+ Kh4 54. Rh8+ Kg5 55. Rg8+ Kh4 56. Rh8+ Kg5 57. Rg8+ 1/2-1/2

[Event "NAYCC U14"]
[Site "Windsor CAN"]
[Date "2016.08.09"]
[Round "4.81"]
[White "Tamayo, Santiago"]
[Black "Cui, Kevin"]
[Result "1/2-1/2"]
[WhiteElo "1386"]
[BlackElo "1204"]
[PlyCount "52"]
[EventDate "2016.08.07"]
[EventType "swiss"]
[EventRounds "9"]
[EventCountry "CAN"]

1. d4 Nf6 2. c4 e6 3. Nf3 d5 4. Bg5 Be7 5. Nc3 O-O 6. e3 h6 7. Bf4 c5 8. dxc5
Bxc5 9. cxd5 Nxd5 10. Nxd5 exd5 11. a3 Re8 12. Be2 Nc6 13. O-O d4 14. Qc2 Bb6
15. exd4 Bxd4 16. Rad1 Qf6 17. Bc1 Bf5 18. Bd3 Bg4 19. Be4 Bb6 20. Rd5 Rad8 21.
Qc4 Be6 22. Rxd8 Rxd8 23. Qc2 Bd5 24. Bd2 Nd4 25. Nxd4 Qxd4 26. Bxd5 Rxd5
1/2-1/2

[Event "NAYCC U14"]
[Site "Windsor CAN"]
[Date "2016.08.09"]
[Round "4.82"]
[White "Periappuram, Jacob"]
[Black "Titus, Joshua"]
[Result "0-1"]
[WhiteElo "873"]
[BlackElo "1155"]
[PlyCount "84"]
[EventDate "2016.08.07"]
[EventType "swiss"]
[EventRounds "9"]
[EventCountry "CAN"]

1. e4 c6 2. Nf3 d5 3. exd5 cxd5 4. d4 Nc6 5. c4 Nf6 6. Nc3 Bg4 7. Be2 dxc4 8.
Be3 e6 9. Bxc4 Bxf3 10. Qxf3 a6 11. Rd1 Bd6 12. O-O O-O 13. a3 Qc7 14. g3 Ne7
15. Bd3 Bxa3 16. bxa3 Qxc3 17. Qxb7 Ned5 18. Qb1 Nxe3 19. fxe3 Nd5 20. Rfe1
Rfb8 21. Bxh7+ Kh8 22. Qe4 Qxa3 23. Re2 Nc3 24. Qd3 Nxe2+ 25. Qxe2 Kxh7 26. Rf1
Kg8 27. Qf3 Rb7 28. Qxb7 Qxe3+ 29. Kh1 Rf8 30. Rd1 Qe2 31. Rc1 Qh5 32. Qe7 Qd5+
33. Kg1 Qxd4+ 34. Kg2 Qd2+ 35. Kh3 Qxc1 36. Qd6 Qf1+ 37. Kh4 g5+ 38. Kg4 Qf5+
39. Kh5 Kg7 40. Qd4+ e5 41. Qd6 Rh8+ 42. Qh6+ Rxh6# 0-1

[Event "NAYCC U14"]
[Site "Windsor CAN"]
[Date "2016.08.09"]
[Round "4.83"]
[White "Li, Yang"]
[Black "Liu, Benjamin"]
[Result "1/2-1/2"]
[WhiteElo "1119"]
[BlackElo "982"]
[PlyCount "85"]
[EventDate "2016.08.07"]
[EventType "swiss"]
[EventRounds "9"]
[EventCountry "CAN"]

1. e4 c5 2. Nf3 d6 3. Bb5+ Bd7 4. Bxd7+ Nxd7 5. d4 cxd4 6. Qxd4 Ngf6 7. Nc3 g6
8. O-O Bg7 9. Re1 O-O 10. Qb4 Nc5 11. Be3 b6 12. Rad1 Nfd7 13. Bd4 Qc7 14. Bxg7
Kxg7 15. Qd4+ f6 16. Qc4 Rad8 17. b4 Na6 18. Qxa6 Qxc3 19. Qxa7 Qxb4 20. Nd4
Qc4 21. Qb7 Rfe8 22. Nc6 Rc8 23. Qxd7 Qxc6 24. Qxc6 Rxc6 25. Re2 Ra8 26. Ra1 b5
27. f3 Rca6 28. c3 Ra3 29. Rb2 Rxc3 30. Rxb5 Rc2 31. a4 Rc6 32. Kf1 Kf7 33. Ke1
Ra7 34. Kd2 Ke6 35. Kd3 Kf7 36. Rb3 Rc5 37. Rc3 Raa5 38. Rc4 d5 39. exd5 Rxd5+
40. Kc3 h5 41. Rb1 g5 42. Rbb4 Kg6 43. Rb5 1/2-1/2

[Event "NAYCC U14"]
[Site "Windsor CAN"]
[Date "2016.08.09"]
[Round "5.51"]
[White "Liu, Kevin"]
[Black "Wang, Ricky"]
[Result "0-1"]
[WhiteElo "1802"]
[BlackElo "1807"]
[PlyCount "72"]
[EventDate "2016.08.07"]
[EventType "swiss"]
[EventRounds "9"]
[EventCountry "CAN"]

1. d4 Nf6 2. c4 g6 3. Nc3 d5 4. cxd5 Nxd5 5. g3 Bg7 6. Bg2 Nxc3 7. bxc3 c5 8.
e3 Qa5 9. Bd2 O-O 10. Ne2 Nc6 11. O-O Rd8 12. Qc2 Qc7 13. Rad1 b6 14. d5 Ba6
15. Rfe1 Ne5 16. Bc1 Rac8 17. e4 c4 18. Bf4 Qc5 19. Bxe5 Bxe5 20. Nd4 Bb7 21.
Bh3 Rb8 22. Qe2 b5 23. Qb2 Ba8 24. Nc2 a5 25. a3 Rd6 26. Bg2 h5 27. Kf1 Rf6 28.
Re3 b4 29. cxb4 Qxe3 30. Nxe3 Bxb2 31. Nxc4 axb4 32. Nxb2 bxa3 33. e5 axb2 34.
exf6 b1=Q 35. Rxb1 Rxb1+ 36. Ke2 exf6 0-1

[Event "NAYCC U14"]
[Site "Windsor CAN"]
[Date "2016.08.09"]
[Round "5.57"]
[White "Shlionsky, Aaron"]
[Black "Doknjas, Joshua"]
[Result "1/2-1/2"]
[WhiteElo "2204"]
[BlackElo "2137"]
[PlyCount "46"]
[EventDate "2016.08.07"]
[EventType "swiss"]
[EventRounds "9"]
[EventCountry "CAN"]

1. e4 c5 2. Nf3 d6 3. Bb5+ Nd7 4. d4 cxd4 5. Qxd4 a6 6. Bxd7+ Bxd7 7. O-O e5 8.
Qd3 Rc8 9. Nc3 h6 10. Be3 Nf6 11. a4 Qc7 12. Nd2 Be7 13. Rfd1 O-O 14. a5 Be6
15. Nf1 Qc6 16. Ng3 Rfd8 17. Bb6 Rd7 18. Qe2 d5 19. exd5 Nxd5 20. Nxd5 Rxd5 21.
c3 Bc5 22. Rxd5 Qxd5 23. Rd1 Qb3 1/2-1/2

[Event "NAYCC U14"]
[Site "Windsor CAN"]
[Date "2016.08.09"]
[Round "5.58"]
[White "Cai, Jason"]
[Black "Titus, Andrew"]
[Result "1/2-1/2"]
[WhiteElo "1997"]
[BlackElo "2143"]
[PlyCount "78"]
[EventDate "2016.08.07"]
[EventType "swiss"]
[EventRounds "9"]
[EventCountry "CAN"]

1. e4 c5 2. Nf3 d6 3. d4 cxd4 4. Qxd4 a6 5. h3 Nc6 6. Qe3 Nf6 7. c4 e6 8. Be2
Be7 9. O-O O-O 10. Nc3 Qc7 11. b3 b6 12. Bb2 Bb7 13. Rac1 Nd7 14. Nd5 Qd8 15.
Nxe7+ Qxe7 16. Rfd1 Rfd8 17. a3 Rab8 18. b4 e5 19. Bc3 a5 20. b5 Na7 21. Nd2
Nc5 22. Bf3 Nc8 23. Ba1 Qc7 24. Nb3 Ne7 25. Nxc5 dxc5 26. Bg4 Ng6 27. Bf5 Rxd1+
28. Rxd1 Rd8 29. Qe1 f6 30. Bc3 Nf8 31. Rxd8 Qxd8 32. Qe2 Qa8 33. f4 exf4 34.
Qg4 Qd8 35. e5 f3 36. gxf3 fxe5 37. Bxe5 Qd1+ 38. Kf2 Qd2+ 39. Kf1 Qd1+ 1/2-1/2

[Event "NAYCC U14"]
[Site "Windsor CAN"]
[Date "2016.08.09"]
[Round "5.60"]
[White "Ling, Evan"]
[Black "Zhang, Henry"]
[Result "0-1"]
[WhiteElo "1776"]
[BlackElo "1957"]
[PlyCount "82"]
[EventDate "2016.08.07"]
[EventType "swiss"]
[EventRounds "9"]
[EventCountry "CAN"]

1. e4 c5 2. Nf3 e6 3. d4 cxd4 4. Nxd4 Nc6 5. Nc3 Qc7 6. Be2 a6 7. Be3 Nf6 8. a3
Be7 9. O-O O-O 10. f4 d6 11. Qe1 Nxd4 12. Bxd4 e5 13. Be3 exf4 14. Rxf4 Be6 15.
Rd1 Rac8 16. Rd2 Nd7 17. Rf1 Bf6 18. Bd4 Bxd4+ 19. Rxd4 Qb6 20. Qd2 Qxb2 21.
Rd3 Qxa3 22. Kh1 Qc5 23. Nd5 Bxd5 24. Rxd5 Qxc2 25. Bg4 Qxd2 26. Rxd2 Rc7 27.
Rxd6 Ne5 28. Bh3 Re8 29. Kg1 g6 30. Rfd1 Kg7 31. R1d5 Rc1+ 32. Kf2 Nc4 33. Rd7
Rxe4 34. Rxb7 Rc2+ 35. Kf3 Re3+ 36. Kg4 Rf2 37. Rd4 Kh6 38. Rd5 f5+ 39. Rxf5
gxf5+ 40. Kh4 Ne5 41. g4 Ng6# 0-1